000 00446nam a2200181Ia 4500
001 17064
005 20260306170357.0
008 260306t2004||||xx |||||||||||||| ||und||
041 _aESP
082 _a657.45
_bB61
100 _aBlanco Luna, Yanel
_eAUT
245 0 _aNormas y procedimientos de la auditoría integral
260 _c2004
300 _a324 páginas :
_c24 cm.
650 _aGEN
654 _aCCO
942 _cLIB
_dJUS
_fJUS
_2ddc
_n
999 _c17064
_d17064